| 000 | 00789nam a22002057a 4500 | ||
|---|---|---|---|
| 999 |
_c12115 _d12115 |
||
| 003 | AR-CdUCM | ||
| 008 | 190405b ||||| |||| 00| 0 eng d | ||
| 040 |
_aMUNICIPALIDAD PROVINCIAL DEL CUSCO _cBIBLIOTECA MUNICIPAL DEL CUSCO |
||
| 082 |
_aES / 608 / _bS29 |
||
| 100 |
_aSchwartz, Julius _929800 |
||
| 245 |
_aUn mundo maravilloso : _bA través de la lupa / |
||
| 260 |
_aBarcelona : _bEditorial Ramón Sopena, S.A., _c1958. |
||
| 300 |
_a174 paginas _c21 cm. |
||
| 505 | _aContenido :v.4. De las lentes y la manera de usarlas -- Alrededor de ti mismo -- Las plantas -- Los animales -- Muchas cosas mas ... | ||
| 650 |
_aLupa _929801 |
||
| 650 |
_aLiteratura contemporánea _9759 |
||
| 700 |
_aBiosca, Francisco (traductor) _929802 |
||
| 942 |
_2ddc _cLIBROS |
||
| 945 |
_arum _d2019-04-05 |
||